000 00842nam a22002897a 4500
001 7214
003 FISKH
005 20250702154344.0
008 250702b cb ||||| |||| 00| 0 eng d
020 _a9780671692773
040 _aFISKH
_beng
_cFISKH
_dFISKH
050 _aPZ7.D644 F
082 _a108
100 _aW.Dixon, Franklin
245 _aThe hardy boys :
_bFear on wheels /
_cFranklin W.Dixon
250 _aThis edition first published in 1991
260 _aNew York :
_bMinstrel Book,
_c1991
300 _a153 pages :
_c20 cm
505 _aR
520 _aThe Hardy Boys must stop an extortionist from ruining a monster truck and hot rod show.
521 8 _a750
_bLexile
521 8 _aR
_bRaz-Plus
650 _2 Hardy Boys
_aYoung adult
650 _2Mystery
_aFiction
942 _2ddc
_cBK
_n0
999 _c7214
_d7214